Регионална библиотека "Любен Каравелов" - Русе

Ф. Г. Волков (основатель русского театра). Его жизнь в связи с историей русской театральной старины (Запис номер 390460)

MARC детайли
000 -Лидер
Контролно поле с фиксирана дължина nam a22 a 4500
003 - Код на организацията, давaща контролен номер
Контролно поле BLK
005 - Дата и час на последна редакция
Контролно поле 20201022110437.0
008 - Елементи от данни с фиксирана дължина
fixed length control field 180409b bul|||||r ||||||| ||bul||
010 ## - Наследен системен номер
LC control number KNG00140257000
040 ## - Източник на каталожния запис
Идентификатор на билиотеката - собственик на записа BLK
041 ## - Код за език
Код за езика на текст/звукозапис или на отделно заглавие Руски
Код за езика КДБФ Руски
072 #7 - Код за тематичната категория
Код организация bullib
Код за тематична категория Ц
Текст Редки и ценни
080 ## - УДК
Текстов определител УДК Театър. Сценично изкуство. Вж 725.82; 782; 82-2
УДК код - определител по УДК 792
УДК определител (470)(092)
УДК - код + определител 792(470)(092)
080 ## - УДК
Текстов определител УДК Основател на руския театър
УДК код - определител по УДК 929 Волков, Фёдор Григорьевич
УДК - код + определител 929 Волков, Фёдор Григорьевич
100 ## - Редна дума - Автор
Автор Ярцев, Алексей Алексеевич
Авторска отговорност първи автор
R(LIN) 435494
139 ## - Редно поле
Редна дума Ярцев, Алексей Алексеевич
245 10 - Сведения за заглавието
Заглавие Ф. Г. Волков (основатель русского театра). Его жизнь в связи с историей русской театральной старины
Подзаглавни данни Биогр. очерк
Редно поле (дума) А. А. Ярцев.
257 ## - Страна на издаване
Страна на създаване/издаване Русия
260 ## - Област на издателските данни
Година на издаване 1892
Печатница С.-Петербург : Типогр. Ю. Н. Эрлих
Място на издаване, разпространение и проч. С.-Петербург
300 ## - Физическа характеристика
Страници 94 с., 2 л. портр.
Размери/Мащаб 18 см
380 ## - Жанр
Жанр Изкуство
490 1# - СЕРИИ (Колекции)
Име на серия Жизнь замечательных людей
490 1# - СЕРИИ (Колекции)
Име на серия Биографическая библиотека Флорентия Павленкова
490 ## - СЕРИИ (Колекции)
Име на серия Колекция Редки и ценни издания
9 (RLIN) 435080
500 ## - Общи забележки
Забележка Библиогр. с. 4.
600 #0 - Име на лице, използвано като предмет
За него / За нея Волков, Федор Григорьевич
9 (RLIN) 435495
650 #0 - Допълнително описание по предмет – тема
Основно описание – тема или топоним Театър, руски
9 (RLIN) 350505
653 ## - Ключова дума – ненормативна
Ключова дума биографии
852 ## - Местоположение
Форматна сигнатура Рр 892
Фондова буква Редки и ценни
856 4# - Електронен адрес и достъп
Електронен формат pdf - файл
999 ## - СИСТЕМНИ КОНТРОЛНИ НОМЕРА
Koha biblionumber 390460
Koha biblioitemnumber 390460
942 ## - АРТИКУЛИ
Вид на библиотечния материал Книги
Скрит в OPAC Не
Периодичен библиозапис Да
944 ## - СЪЗДАВАНЕ И РЕДАКЦИЯ на ЗАПИСА
Създаване/Редакция Създаване
Дата на регистрацията/редакция 2020-10-22
Служител, извършил регистрацията/редакцията Ренета Константинова
999 ## - СИСТЕМНИ КОНТРОЛНИ НОМЕРА
Koha biblioitemnumber 134344
Наличности
Код за отписване Код за изгубен артикул Източник на класификационната схема Код за повреда Коз за рестрикции Код за отдаване Артикулен № Име на библиотеката - собственик Име на библиотеката, в която се намира в момента Статус (Текущо местоположение) Дата на вписване в системата Местоположение - отдел Цена в лева Инвентарен номер Систематично азбучна сигнатура Баркод Цена в евро Служебен тип на артикула
  Не е изгубен Universal Decimal Classification Не е повреден само за читалня Специални фондове ( старопечатни, редки и ценни, фонд М. Арнаудов) 803932 Регионална библиотека "Любен Каравелов" Русе Регионална библиотека "Любен Каравелов" Русе Редки и ценни 2020-10-26 Редки и ценни 0.19 12579/58 Рр 892 900000036832 0.10 Книги
Vip Innovations Ltd, Rousse, Bulgaria 2025